| 000 | 00677nam a2200241Ia 4500 | ||
|---|---|---|---|
| 003 | EC-GqESP | ||
| 005 | 20251105103453.0 | ||
| 008 | 250425s9999 xx 000 0 und d | ||
| 010 | _a100753 | ||
| 020 | _a978749469344 | ||
| 041 | _aeng | ||
| 082 |
_a658.785 _pRIC |
||
| 100 | _aRICHARDS, GWYNNE | ||
| 245 | 0 | _aWAREHOUSE MANAGEMENT: A COMPLETE GUIDE TO IMPROVING EFFICIENCY AND MINIMIZING COSTS IN THE MODERN WAREHOUSE | |
| 250 | _a2ND ED. | ||
| 260 | _aLONDON | ||
| 260 |
_aReino Unido _bKOGAN PAGE _c2014 |
||
| 300 | _a427 | ||
| 650 | _aADMINISTRACION DE MATERIALES | ||
| 650 | _aGESTION DE NEGOCIOS-CONTROL | ||
| 650 | _aLOGISTICA EMPRESARIAL | ||
| 942 | _c01 | ||
| 999 |
_c234839 _d234839 |
||